000 00296nam a22001337a 4500
008 171025b xxu||||| |||| 00| 0 eng d
020 _a0070177600
041 _aeng
080 _a33
100 _a54
101 _aECO
245 _aMATHEMATICS FOR ECONOMICS
_cEDWARD.T.D
942 _2udc
_cBK
999 _c35894
_d35894